Ekonomizácia tovarového toku využívaním automatickej identifikácie tovaru dizertačná práca

Salvato in:
Dettagli Bibliografici
Autore principale: Knošková, Dana
Ente Autore: Obchodná fakulta EU. Katedra marketingu
Altri autori: Dzurová, Mária
Natura: Libro
Lingua:slovacco
Pubblicazione: Bratislava 2020
Soggetti:
Tags: Aggiungi Tag
Nessun Tag, puoi essere il primo ad aggiungerne!!

MARC

LEADER 00000nbm a2200000 4500
001 0267169
005 20230302102224.9
041 0 |a slo 
044 |a SK 
245 1 0 |a Ekonomizácia tovarového toku využívaním automatickej identifikácie tovaru  |b dizertačná práca  |c Dana Knošková ; školiteľ: Mária Dzurová 
264 1 |a Bratislava  |c 2020 
300 |a 158 s. 
610 2 0 |a identifikácia automatická 
610 2 0 |a tovar 
610 2 0 |a tok tovaru 
610 2 0 |a logistika 
610 2 0 |a náklady 
610 2 0 |a manipulácia s tovarom 
610 2 0 |a reťazce dodávateľsko-odberateľské 
100 1 |a Knošková, Dana 
700 1 |a Dzurová, Mária 
710 2 |a Obchodná fakulta EU. Katedra marketingu